[Event "Ambassador op"]
[Site "Bern"]
[Date "1998.12.27"]
[Round "3"]
[White "Karl, Hans"]
[Black "Velicka, Petr"]
[Result "0-1"]
[WhiteElo "2235"]
[BlackElo "2465"]

1.d4 Nf6 2.c4 Nc6 3.Nc3 e5 4.d5 Ne7 5.e4 Ng6 6.Be3 Bb4 7.Bd3 Bxc3+ 8.bxc3 d6
9.f3 Nd7 10.Ne2 O-O 11.O-O Nc5 12.Nc1 b6 13.Nb3 Na4 14.Qc2 Bd7 15.g3 Qc8
16.f4 f5 17.fxe5 Nxe5 18.Bd4 Nxd3 19.Qxd3 Nc5 20.Bxc5 fxe4 21.Rxf8+ Qxf8
22.Bxd6 exd3 23.Bxf8 Rxf8 24.Re1 b5 25.c5 Bh3 26.Nd2 Rf5 27.d6 cxd6 28.cxd6 Rd5
29.Re8+ Kf7 30.Re7+ Kf8 31.Kf2 Rxd6 32.Re5 a6 33.Ke3 Be6 34.a3 Bc4 35.Re4 h6
36.Rd4 Rc6 37.Re4 Bf7 38.Kd4 Bg6 39.Rf4+ Ke7 40.Ne4 Rc4+ 41.Kxd3 Ke6  0-1

[Event "Ambassador op"]
[Site "Bern"]
[Date "1998.12.28"]
[Round "4"]
[White "Varga, Peter"]
[Black "Bologan, Viktor"]
[Result "0-1"]
[WhiteElo "2445"]
[BlackElo "2585"]

1.d4 Nf6 2.c4 Nc6 3.Nf3 e6 4.Nc3 Bb4 5.Qc2 d6 6.Bg5 h6 7.Bd2 O-O 8.a3 Bxc3
9.Bxc3 Re8 10.O-O-O Qe7 11.e3 e5 12.d5 Nb8 13.h3 Nbd7 14.g4 Nc5 15.b4 Nce4
16.Bb2 c6 17.dxc6 bxc6 18.Bd3 c5 19.Bxe4 Nxe4 20.Qxe4 Bb7 21.Rd5 cxb4 22.axb4 Rec8
23.Kb1 a5 24.b5 Rc5 25.Rhd1 Rac8 26.Nd4 Bxd5 27.cxd5 Qb7 28.Nc6 Rxb5 29.Rd2 a4
30.Ka2 Rb3 31.Qc4 Ra8 32.Ba3 Qd7 33.Rb2 Kh8 34.Rxb3 axb3+ 35.Qxb3 f5 36.f3 e4
37.gxf5 Qxf5 38.fxe4 Qxe4 39.Nb4 Qg2+ 40.Nc2 Qxh3 41.Kb2 Qh2 42.Qb7 Rf8 43.Qc6 Rb8+
44.Ka2 Qg1 45.Bb4 Qd1 46.Kb2 Qd3 47.Qc7 Rb5 48.Qxd6 Rxd5 49.Qf8+ Kh7 50.Qf4 Rg5
51.Qd4 Qg6 52.Kc3 h5 53.Bd6  0-1

[Event "Landesliga Sued9798"]
[Site "Bayern"]
[Date "1998.??.??"]
[Round "?"]
[White "Gayer, Michael"]
[Black "Hornung, Hans"]
[Result "1-0"]
[WhiteElo "2030"]
[BlackElo "2165"]

1.d4 Nf6 2.c4 Nc6 3.Nf3 e6 4.Nc3 Bb4 5.Qc2 d6 6.e4 e5 7.d5 Nd4 8.Nxd4 exd4
9.Qa4+ Bd7 10.Qxb4 dxc3 11.Qxc3 O-O 12.Bd3 Nxe4 13.Bxe4 Qe7 14.Qe3 Rae8 15.Bxh7+ Kxh7
16.Qxe7 Rxe7+ 17.Be3 f5 18.g3 f4 19.gxf4 Rxf4 20.Rc1 Rg4 21.Kd2 b6 22.b3 Bf5
23.h4 Be4 24.Rhg1 Bg2 25.Rce1 Rf7 26.Kc3 a6 27.Rd1 Rf3 28.Rd4 Rxd4 29.Kxd4 Bh3
30.Rg3 Rxg3 31.fxg3 Bg2 32.Bg5 c5+ 33.dxc6 Bxc6 34.Be7 Kg6 35.Bxd6 Kf5 36.Bc7 b5
37.Kc5 Be8 38.Kb6 bxc4 39.bxc4 Bf7 40.c5 Bxa2 41.Kxa6 Ke6 42.Kb6 Kd7 43.c6+ Kc8
44.Be5 g6 45.Kc5 Be6 46.Kd6 Bf5 47.Ke7 Be4 48.c7 Bf5 49.Kf6 Kd7 50.Kg5 Be4
51.g4 Bf3 52.h5 gxh5 53.gxh5  1-0

[Event "Bratto op"]
[Site "Bratto"]
[Date "1998.??.??"]
[Round "?"]
[White "Ruzzier, Dario"]
[Black "Vancini, Edoardo"]
[Result "0-1"]
[WhiteElo "2095"]
[BlackElo "2270"]

1.d4 Nf6 2.c4 Nc6 3.Nf3 e6 4.Nc3 Bb4 5.e3 O-O 6.Bd3 Bxc3+ 7.bxc3 Qe7 8.e4 e5
9.O-O h6 10.Qc2 d6 11.h3 Nh5 12.Be3 Qf6 13.Rae1 Bxh3 14.d5 Ne7 15.Nxe5 Bxg2
16.Ng4 Qf3 17.Nh2 Qh3 18.Bd4 Nf4 19.f3 Bxf1 20.Rxf1 Neg6 21.Be3 Rae8 22.Qd2 Nxd3
23.Qxd3 f5 24.exf5 Rxf5  0-1

[Event "Bucharest Fest IM"]
[Site "Bucharest"]
[Date "1998.??.??"]
[Round "?"]
[White "Veneteanu, Ion Cristian"]
[Black "Osman, Mihai"]
[Result "1-0"]
[WhiteElo "2225"]
[BlackElo "2240"]

1.d4 Nf6 2.c4 Nc6 3.Nf3 d6 4.d5 Ne5 5.Nxe5 dxe5 6.Nc3 e6 7.e4 Bc5 8.Bg5 c6
9.Be2 h6 10.Bh4 Bd4 11.O-O g5 12.Bg3 Qe7 13.Qc2 O-O 14.Rad1 Ne8 15.Kh1 a6
16.Bd3 f6 17.Ne2 Bc5 18.f3 Bd7 19.Nc1 cxd5 20.exd5 exd5 21.cxd5 Rc8 22.Qe2 Nd6
23.Nb3 Ba7 24.f4 gxf4 25.Bxf4 Qg7 26.Bd2 e4 27.Bb1 e3 28.Bb4 Bg4 29.Rf3 Rcd8
30.Qd3 Bxf3 31.gxf3 e2 32.Qxe2 Rfe8 33.Qc2 Kh8 34.Bc5 Bxc5 35.Nxc5 Rg8 36.Ne6 Rc8
37.Qd2 Nc4 38.Qf2 Qd7 39.Qh4  1-0

[Event "WLS-ch"]
[Site "Cardiff"]
[Date "1998.??.??"]
[Round "1"]
[White "Binks, Michael"]
[Black "Cummings, David H"]
[Result "0-1"]
[WhiteElo "2105"]
[BlackElo "2365"]

1.d4 Nf6 2.c4 Nc6 3.Nf3 e6 4.Nc3 Bb4 5.Qc2 d6 6.Bg5 h6 7.Bxf6 Qxf6 8.e3 O-O
9.a3 Bxc3+ 10.Qxc3 e5 11.dxe5 dxe5 12.Be2 a5 13.O-O Qe7 14.c5 a4 15.Bb5 Re8
16.Rac1 Bg4 17.Nd2 e4 18.Qc4 Qe5 19.Rc2 Be6 20.Qc3 Qxc3 21.Rxc3 Ra5 22.Bxc6 bxc6
23.Nxe4 Rb5 24.f3 Rxb2 25.Nf2 Rd8 26.Nd1 Rbb8 27.Nf2 Rb3 28.Rfc1 Rd2 29.Nd1 Rxd1+  0-1

[Event "POL-ch sf"]
[Site "Czestochowa"]
[Date "1998.??.??"]
[Round "1"]
[White "Sapis, Witalis"]
[Black "Stefanek, Piotr"]
[Result "1-0"]
[WhiteElo "2385"]
[BlackElo "2215"]

1.d4 Nf6 2.c4 Nc6 3.Nf3 e6 4.Nc3 Bb4 5.Qc2 d6 6.a3 Bxc3+ 7.Qxc3 O-O 8.g3 Qe7
9.Bg2 e5 10.d5 Nd8 11.O-O Ne4 12.Qc2 f5 13.b4 h6 14.Nh4 Ng5 15.Ng6 Qf7 16.Nxf8 Kxf8
17.f4 exf4 18.Bxf4 Qg6 19.Bxg5 Qxg5 20.Bh3 Nf7 21.Bxf5 Bxf5 22.Qxf5 Qxf5
23.Rxf5 Re8 24.Raf1 Re7 25.e4 Kg8 26.Rxf7 Rxf7 27.Rxf7 Kxf7 28.Kf2 Kf6 29.c5 a6
30.Ke3 b6 31.c6 g6 32.h4 h5 33.a4 Ke7 34.Kf4 Kf6 35.a5 b5 36.e5+ dxe5+ 37.Ke4 Kf7
38.d6  1-0

[Event "POL-ch sf"]
[Site "Czestochowa"]
[Date "1998.??.??"]
[Round "5"]
[White "Palus, Ryszard"]
[Black "Stefanek, Piotr"]
[Result "1-0"]
[WhiteElo "2375"]
[BlackElo "2215"]

1.d4 Nf6 2.c4 Nc6 3.Nc3 e5 4.d5 Ne7 5.e4 Ng6 6.h4 Bb4 7.h5 Bxc3+ 8.bxc3 Ne7
9.Qf3 h6 10.Qg3 Nxe4 11.Qxg7 Rg8 12.Qxe5 Ng5 13.Bd3 d6 14.Qf6 Nf5 15.Qxd8+ Kxd8
16.g4 Ng7 17.f3 f5 18.Bxg5+ hxg5 19.h6 Ne8 20.h7 Rh8 21.Rh5 Ng7 22.Rxg5 Rxh7
23.gxf5 Ne8 24.Rg8 Bd7 25.O-O-O c6 26.Re1 Re7 27.Rxe7 Kxe7 28.Rh8 cxd5 29.Rh7+ Kd8
30.cxd5 Rc8 31.Ne2 Rc5 32.Be4 Nf6 33.Rh8+ Ke7 34.Kb2 Nxd5 35.Rh7+ Kd8 36.Bxd5 Rxd5
37.Nd4 Bxf5 38.Rh5  1-0

[Event "POL-ch sf"]
[Site "Czestochowa"]
[Date "1998.??.??"]
[Round "8"]
[White "Oliwa, Patryk"]
[Black "Stefanek, Piotr"]
[Result "0-1"]
[WhiteElo "2285"]
[BlackElo "2215"]

1.d4 Nf6 2.c4 Nc6 3.Nf3 e6 4.Bg5 Bb4+ 5.Nbd2 h6 6.Bxf6 Qxf6 7.a3 Bxd2+ 8.Qxd2 d6
9.e3 O-O 10.Be2 e5 11.d5 Ne7 12.O-O Qg6 13.Rac1 f5 14.c5 f4 15.exf4 Rxf4
16.cxd6 cxd6 17.Kh1 Bg4 18.Rc7 Nf5 19.Ng1 Rf8 20.Bd3 Rd4 21.Bxf5 Bxf5 22.Qe3 Be4
23.Qg3 Qxg3 24.hxg3 Bxd5 25.Nf3 Rd3 26.Kg1 Bc6 27.Nh4 g5 28.Ng6 Rf7 29.Ne7+ Kf8
30.Ng6+ Kg7 31.Ne7 Kh7 32.b4 Rxa3 33.Rd1 Ra2 34.f3 g4 35.b5 Rxg2+ 36.Kxg2 Bxf3+
37.Kg1 Bxd1 38.Rxb7 e4 39.Rxa7 e3 40.Nc6 Rxa7 41.Nxa7 Bf3 42.b6 h5 43.Nb5 e2
44.Kf2 h4  0-1

[Event "Decin op-A"]
[Site "Decin"]
[Date "1998.??.??"]
[Round "2"]
[White "Kubala, Martin"]
[Black "Vyparina, Matej"]
[Result "1-0"]
[WhiteElo "2295"]
[BlackElo "2120"]

1.d4 Nf6 2.c4 Nc6 3.Nf3 e6 4.Nc3 Bb4 5.e3 d6 6.Be2 O-O 7.O-O e5 8.Nd5 e4
9.Nd2 Re8 10.Nb3 Bf5 11.a3 Ba5 12.Nxf6+ Qxf6 13.d5  1-0

[Event "Oberliga Nord N9798"]
[Site "Germany"]
[Date "1998.??.??"]
[Round "?"]
[White "Czerwonski, Aleksander"]
[Black "Eschholz, Enno"]
[Result "1-0"]
[WhiteElo "2395"]
[BlackElo "2175"]

1.d4 Nf6 2.c4 Nc6 3.Nc3 e5 4.d5 Ne7 5.Nf3 d6 6.e4 g6 7.h3 Bg7 8.g4 O-O 9.Bd3 Ne8
10.Qc2 c6 11.Be3 cxd5 12.cxd5 f5 13.gxf5 gxf5 14.Bg5 Nf6 15.exf5 Kh8 16.O-O-O Bd7
17.Kb1 Rc8 18.Qd2 Qa5 19.Bh6 Bxh6 20.Qxh6 Neg8 21.Qg5 h6 22.Qd2 Be8 23.Nh4 Qb4
24.Ne4 Qxd2 25.Rxd2 Nxe4 26.Bxe4 Nf6 27.Bc2 Rc4 28.Ng2 Bh5 29.b3 Rc7 30.Ne3 Bf3
31.Rg1 Rg8 32.Rg3 Be4 33.Rxg8+ Kxg8 34.Ng4 Rxc2 35.Nxf6+  1-0

[Event "HUN-chT29899"]
[Site "HUN"]
[Date "1998.??.??"]
[Round "?"]
[White "Molnar, Laszlo"]
[Black "Borsavolgyi, Tamas"]
[Result "0-1"]
[WhiteElo "2290"]
[BlackElo "2300"]

1.d4 Nf6 2.c4 Nc6 3.Nf3 d6 4.d5 Ne5 5.Nxe5 dxe5 6.Nc3 e6 7.e4 Bc5 8.Be2 Bd4
9.Qc2 exd5 10.cxd5 O-O 11.O-O c6 12.dxc6 bxc6 13.Bg5 h6 14.Bh4 g5 15.Bg3 Kg7
16.Rad1 Qe7 17.Kh1 Be6 18.f4 Qc5 19.fxg5 hxg5 20.Qd3 Rh8 21.Rc1 Qd6 22.Rfd1 Rad8
23.b3 Rh6 24.Na4 g4 25.Rc2 Nh5 26.Rdc1 Rdh8 27.Be1 Nf4 28.Qg3 Qd8 29.Bc4 Rxh2+
30.Qxh2 Rxh2+ 31.Kxh2 Qh8+ 32.Kg3 Nh5+  0-1

[Event "HUN-chT9899"]
[Site "HUN"]
[Date "1998.??.??"]
[Round "?"]
[White "Varga, Peter"]
[Black "Molnar, Bela"]
[Result "1-0"]
[WhiteElo "2445"]
[BlackElo "2340"]

1.d4 Nf6 2.c4 Nc6 3.Nf3 e6 4.Nc3 d6 5.e4 g6 6.d5 exd5 7.cxd5 Nb8 8.h3 Bg7
9.Bd3 O-O 10.O-O Re8 11.Re1 c6 12.dxc6 bxc6 13.Bc4 Be6 14.Bxe6 Rxe6 15.e5 Ne8
16.exd6 Qxd6 17.Rxe6 Qxe6 18.Be3 Nd7 19.Qa4 Ne5 20.Nxe5 Bxe5 21.Rc1 Nf6 22.b3 Nd5
23.Nxd5 cxd5 24.Qc6 Rd8 25.Qxe6 fxe6 26.Kf1 Kf7 27.Ke2 Bb8 28.Bxa7 Bxa7 29.Rc7+ Kf6
30.Rxa7 Ke5 31.Ke3 g5 32.b4 Rc8 33.Kd3 Rf8 34.f3 Kf4 35.b5 Kg3 36.b6 Kxg2
37.b7 Rxf3+ 38.Kd4 Rf4+ 39.Kc5 Rc4+ 40.Kb5  1-0

[Event "Miercurea Ciuc op"]
[Site "Miercurea Ciuc"]
[Date "1998.??.??"]
[Round "3"]
[White "Raceanu, Valentin"]
[Black "Karacsony, Zsolt"]
[Result "1-0"]
[WhiteElo "2215"]
[BlackElo "2125"]

1.d4 Nf6 2.c4 Nc6 3.Nc3 e5 4.d5 Ne7 5.g3 Ng6 6.Bg2 Bb4 7.Qb3 Bxc3+ 8.Qxc3 d6
9.e4 Ng4 10.h3 Nf6 11.Ne2 O-O 12.O-O Nd7 13.Be3 b6 14.b4 a5 15.a3 f5 16.exf5 Rxf5
17.Qc2 Rf8 18.Nc3 Nf6 19.c5 bxc5 20.bxc5 Ba6 21.Rfd1 Qd7 22.c6 Qf7 23.Rab1 Ne7
24.Qa4 Nf5 25.Nb5 Nxe3 26.fxe3 Nh5 27.Rf1 Bxb5 28.Qxb5 Qg6 29.g4 Ng3 30.Rxf8+ Rxf8
31.Rb2 Qg5 32.Qd3 h5 33.Kh2 h4 34.Kg1 Qf6 35.Qc3 Nf1 36.Qe1 e4 37.Rb7 Ng3
38.Rxc7 Qb2 39.Rb7 Qxa3 40.Ra7 Qb2 41.Rxa5 Ne2+ 42.Kh2 Qe5+ 43.Kh1 Qb2 44.Ra7 Ng3+
45.Kg1 Ne2+ 46.Kh2 Qe5+ 47.Kh1 Ng3+ 48.Kg1 Qxd5 49.Qa1 Qe5 50.Qxe5 dxe5 51.Rd7 Rc8
52.c7 Kh7 53.Bf1 Nxf1 54.Kxf1 Kg6 55.Ke2 Kf6 56.Kd2 g5 57.Kc3 Ke6 58.Rg7 Kf6
59.Rh7 Ke6 60.Kc4 Kd6 61.Kb5 Kd5 62.Rd7+ Ke6 63.Kc6  1-0

[Event "Montecatini Terme op"]
[Site "Montecatini Terme"]
[Date "1998.??.??"]
[Round "2"]
[White "Horvath, Csaba"]
[Black "Sulava, Nenad"]
[Result "1-0"]
[WhiteElo "2535"]
[BlackElo "2450"]

1.d4 Nf6 2.c4 Nc6 3.Nf3 e6 4.Nc3 Bb4 5.Bg5 h6 6.Bh4 g5 7.Bg3 Ne4 8.Rc1 h5
9.d5 h4 10.Bxc7 Qxc7 11.dxc6 f5 12.e3 dxc6 13.Bd3 Nxc3 14.bxc3 Be7 15.e4 Bd7
16.exf5 exf5 17.Nd4 c5 18.Nc2 Qe5+ 19.Ne3 O-O-O 20.Qe2 Bd6 21.Nd5 Rhe8 22.Qxe5 Rxe5+
23.Kd2 b5 24.Kc2 Be6 25.Rhd1 Bf8 26.Bf1 g4 27.Re1 Rexd5 28.cxd5 Bxd5 29.Bd3 Bxa2
30.Ra1 Bd5 31.Rxa7 f4 32.Be4 Kb8 33.Ra5 Re8 34.Rxb5+ Kc7 35.f3 h3 36.Rg1 Bxe4+
37.fxe4 Rxe4 38.gxh3 f3 39.hxg4 Re2+ 40.Kd3 Kc6 41.Rbb1 Rxh2 42.Ke3 f2 43.Rgf1 c4
44.Rh1 Bh6+ 45.Ke4 Rxh1 46.Rxh1 Bd2 47.Kd4 Kd6 48.Ke4 Ke6 49.Kf3 Be1 50.Ke4  1-0

[Event "RUS-Cup02"]
[Site "Moscow"]
[Date "1998.??.??"]
[Round "4"]
[White "Yashtylov, Anatolij"]
[Black "Vlassov, Nikolai"]
[Result "1-0"]
[WhiteElo "2295"]
[BlackElo "2440"]

1.d4 Nf6 2.c4 Nc6 3.Nf3 e6 4.a3 d5 5.Nc3 g6 6.Bg5 Bg7 7.e3 O-O 8.Ne5 h6 9.Bh4 Ne7
10.Bd3 dxc4 11.Nxc4 Nf5 12.Bg3 Nxg3 13.hxg3 b6 14.Qc2 Bb7 15.O-O Qe7 16.Ne2 c5
17.Ne5 Rac8 18.Qa4 cxd4 19.exd4 a6 20.Rfe1 Rfd8 21.Rad1 Nd5 22.Qb3 b5 23.Bb1 Nb6
24.Nf4 Nc4 25.Nexg6 fxg6 26.Rxe6 Qd7 27.Rxg6 Rc6 28.Rxc6 Bxc6 29.Qc2 Bf6
30.Re1 Bd5 31.Qg6+ Bg7 32.Qh7+ Kf7 33.Bg6+ Kf8 34.Bh5 Bf7 35.Bxf7 Kxf7 36.Ne6 Kf6
37.Nxg7 Qxg7 38.Re6+ Kxe6 39.Qxg7 Rd6 40.Qxh6+ Kd5  1-0

[Event "Goldberg mem+"]
[Site "Moscow"]
[Date "1998.??.??"]
[Round "6"]
[White "Grabuzova, Tatiana"]
[Black "Komliakov, Viktor"]
[Result "0-1"]
[WhiteElo "2340"]
[BlackElo "2510"]

1.d4 Nf6 2.c4 Nc6 3.Nc3 e5 4.d5 Ne7 5.Bg5 Ng6 6.Qc2 h6 7.Bxf6 Qxf6 8.e3 Bb4
9.O-O-O Bxc3 10.Qxc3 d6 11.Nf3 Bg4 12.Be2 O-O 13.Rd2 c5 14.dxc6 bxc6 15.Kb1 Rfd8
16.Rhd1 a5 17.Ka1 a4 18.h3 Bf5 19.Ne1 d5 20.cxd5 cxd5 21.Rxd5 Rxd5 22.Rxd5 Be6
23.Rd1 Qxf2 24.Bf3 Rc8 25.Qd3 Ne7 26.Be4 f5 27.Qd6 Bf7 28.Bf3 e4 29.Qxe7 exf3
30.Nxf3 Qc2 31.Rb1 Bd5 32.Ne5 Qxb1+  0-1

[Event "NOR-chT"]
[Site "NOR"]
[Date "1998.??.??"]
[Round "?"]
[White "Elsness, Frode"]
[Black "Snarheim, Dagfinn"]
[Result "1-0"]
[WhiteElo "2330"]
[BlackElo "2150"]

1.d4 Nf6 2.c4 Nc6 3.Nf3 d6 4.Nc3 e5 5.g3 Bg4 6.d5 Ne7 7.Bg2 Ng6 8.h3 Bd7
9.Be3 Be7 10.b4 Qc8 11.c5 O-O 12.Rc1 a5 13.cxd6 Bxd6 14.b5 Bb4 15.Nd2 Ne8
16.Qb3 f5 17.a3 Bd6 18.Na4 f4 19.Bc5 fxg3 20.fxg3 Qd8 21.Ne4 Bf5 22.O-O Qd7
23.Ng5 Qe7 24.Ne6 Rf6 25.Bxd6 Qxd6 26.Nac5 Nf8 27.Nxb7 Qb6+ 28.Nbc5 a4 29.Qb2 e4
30.Nxf8 Rxf8 31.g4 Bg6 32.Rxf8+ Kxf8 33.Kh1 Kg8 34.Ne6 Bf7 35.Bxe4 Bxe6 36.dxe6 Rd8
37.e7 Rd4 38.Qa2+ Kh8 39.Qf7  1-0

[Event "NOR-chT"]
[Site "NOR"]
[Date "1998.??.??"]
[Round "?"]
[White "Lahlum, Hans Olav"]
[Black "Snarheim, Dagfinn"]
[Result "0-1"]
[WhiteElo "2215"]
[BlackElo "2150"]

1.d4 Nf6 2.c4 Nc6 3.Nf3 d6 4.g3 e5 5.Bg2 e4 6.Ng5 d5 7.Nc3 Bb4 8.O-O Bxc3
9.bxc3 h6 10.Nh3 dxc4 11.Ba3 Bf5 12.f3 Qd7 13.Nf2 e3 14.Ne4 Nd5 15.Qc1 b6
16.Qb2 a6 17.g4 Bg6 18.Ng3 h5 19.gxh5 Bxh5 20.f4 Bg4 21.Qc2 f5 22.Rab1 Nce7
23.Bc1 Qc6 24.Bxe3 Qh6 25.Kf2 Qe6 26.Qd2 Rxh2 27.Rg1 Bh3 28.Nf1 Rxg2+ 29.Rxg2 Bxg2  0-1

[Event "Wch U14"]
[Site "Oropesa del Mar"]
[Date "1998.??.??"]
[Round "4"]
[White "Lagowski, Patryk"]
[Black "Berkes, Ferenc"]
[Result "1-0"]
[WhiteElo "2070"]
[BlackElo "2290"]

1.d4 Nf6 2.c4 Nc6 3.Nf3 e6 4.g3 Bb4+ 5.Bd2 a5 6.Bg2 O-O 7.O-O Bxd2 8.Nbxd2 d6
9.e4 e5 10.d5 Ne7 11.Ne1 Nd7 12.Nd3 f5 13.f4 exf4 14.Nxf4 Ne5 15.Qc2 b6 16.Rae1 Bd7
17.Nb3 N7g6 18.Nd4 Nxf4 19.gxf4 Ng4 20.h3 Nh6 21.e5 Qe7 22.e6 Be8 23.Qd2 Kh8
24.Qe3 Ng8 25.b3 Qf6 26.Ne2 Qh4 27.Qg3 Qf6 28.Qe3 Ne7 29.Kh2 Rg8 30.Qc3 Qh4
31.Qg3 Qf6 32.h4 h6 33.Bf3 Kh7 34.Rg1 Qb2 35.Rg2 a4 36.Nc1 Qc3 37.Ne2 Qf6
38.b4 Qb2 39.h5 Qxb4 40.Reg1 Qb2 41.Qh4 Qf6 42.Rxg7+ Qxg7 43.Rxg7+ Rxg7 44.Nd4 a3
45.Nxf5 Nxf5 46.Be4 Ra4 47.Bxf5+ Kh8 48.Qf6 Kg8 49.e7 Rf7 50.Be6  1-0

[Event "Wch U14"]
[Site "Oropesa del Mar"]
[Date "1998.??.??"]
[Round "8"]
[White "Hummel, Patrick"]
[Black "Heberla, Bartlomiej"]
[Result "1/2-1/2"]
[WhiteElo "2240"]
[BlackElo "2115"]

1.d4 Nf6 2.c4 Nc6 3.Nf3 d6 4.d5 Ne5 5.Nxe5 dxe5 6.Nc3 e6 7.e4 exd5 8.cxd5 a6
9.Be2 Bd6 10.O-O O-O 11.Be3 Bd7 12.Qb3 b5 13.f3 c5 14.dxc6 Bxc6 15.Rfd1 Qe7
16.Rac1 Rac8 17.a4 b4 18.Nd5 Nxd5 19.exd5 Bb7 20.Bc4 f5 21.Re1 g5 22.Qd3 e4
23.fxe4 Qe5 24.g3 fxe4 25.Qd4 Qxd4 26.Bxd4 Rfe8 27.Kf2 Kf7 28.Ke3 Kg6 29.Rf1 Be5
30.d6 Bxd4+ 31.Kxd4 Red8 32.Bf7+ Kg7 33.Rxc8 Bxc8 34.Bd5 Rxd6 35.Kxe4 Be6
36.Bxe6 Rxe6+ 37.Kd3 Rd6+  1/2-1/2

[Event "Wch U14"]
[Site "Oropesa del Mar"]
[Date "1998.??.??"]
[Round "10"]
[White "Alekseev, Evgeny"]
[Black "Berkes, Ferenc"]
[Result "0-1"]
[WhiteElo "2270"]
[BlackElo "2290"]

1.d4 Nf6 2.c4 Nc6 3.Nf3 e6 4.g3 Bb4+ 5.Bd2 a5 6.Bg2 O-O 7.Nc3 d6 8.O-O e5
9.a3 Bxc3 10.Bxc3 exd4 11.Nxd4 Ne5 12.b3 a4 13.Nf3 Nxf3+ 14.Bxf3 axb3 15.Qxb3 Nd7
16.Qb2 Qg5 17.a4 Nc5 18.a5 f5 19.Bd4 Ne4 20.Rfd1 Qe7 21.Rd3 Qf7 22.Re3 Re8
23.Qc2 Qg6 24.Qb2 Qf7 25.Bxe4 fxe4 26.c5 Ra6 27.Rc3 d5 28.c6 bxc6 29.Rac1 Qd7
30.Qd2 Re6 31.Rc5 Ra8 32.Qg5 Rg6 33.Qe5 Bb7 34.a6 Rxa6 35.Rxd5 Rd6 36.Rxd6 cxd6
37.Qh5 c5 38.Bc3 Ra8 39.Rd1 d5 40.e3 Rf8 41.Rb1 Ba6 42.Qe5 Qf7 43.Be1 h6
44.Rb6 Bc4 45.Rc6 Rb8 46.Qf4 Qh5 47.Rc7 Rf8  0-1

[Event "Saint Affrique op"]
[Site "Saint Affrique"]
[Date "1998.??.??"]
[Round "3"]
[White "Huguet, Bernard"]
[Black "Sulava, Nenad"]
[Result "0-1"]
[WhiteElo "2145"]
[BlackElo "2450"]

1.d4 Nf6 2.c4 Nc6 3.d5 Ne5 4.Qd4 Ng6 5.e4 e5 6.Qd3 Bc5 7.Be3 Qe7 8.Bxc5 Qxc5
9.f3 d6 10.Nc3 O-O 11.g3 c6 12.Bh3 cxd5 13.cxd5 Nd7 14.Nge2 Qb6 15.Qb5 Qc7
16.O-O a6 17.Qb4 b5 18.Kg2 Rb8 19.Bxd7 a5 20.Qb3 Qxd7 21.Rac1 b4 22.Nd1 Ba6
23.Qe3 f5 24.Nf2 f4 25.Qd2 h5 26.Nd3 fxg3 27.hxg3 Rf6 28.Qe3 Qb5 29.Rfd1 Rbf8
30.Ng1 Qd7 31.Nf2 h4 32.Ng4 Rxf3 33.Nxf3 Qxg4 34.Nh2 Nf4+ 35.Kh1 Qxg3 36.Qxg3 hxg3
37.Nf3 Be2 38.Nh4 Rf6 39.Nf5 Bf3+ 40.Kg1 Nh3+  0-1

[Event "SVK-chT 9899"]
[Site "SVK"]
[Date "1998.??.??"]
[Round "3"]
[White "Dusa, Dusan"]
[Black "Berkes, Ferenc"]
[Result "0-1"]
[WhiteElo "2195"]
[BlackElo "2290"]

1.d4 Nf6 2.c4 Nc6 3.Nf3 e6 4.Nc3 Bb4 5.Bf4 d6 6.e3 O-O 7.a3 Bxc3+ 8.bxc3 Qe7
9.Bg5 e5 10.Qc2 Bg4 11.d5 Nb8 12.Bd3 h6 13.Bxf6 Qxf6 14.Nd2 Qe7 15.h3 Bd7
16.g4 Na6 17.Bf5 c6 18.h4 Bxf5 19.gxf5 Nc5 20.Ne4 Nxe4 21.Qxe4 Rac8 22.Rb1 cxd5
23.Qxd5 b6 24.Rd1 Rfd8 25.h5 Rc5 26.Qe4 Rdc8 27.Rh4 Ra5 28.Rg4 Rxa3 29.Kd2 Ra2+
30.Kd3 d5 31.cxd5 Rxc3+ 32.Kxc3 Qa3+ 33.Kc4 Qc5+  0-1

[Event "Tatry op"]
[Site "Tatranska Lomnica"]
[Date "1998.??.??"]
[Round "2"]
[White "Markos, Jan"]
[Black "Berezjuk, Sergej"]
[Result "0-1"]
[WhiteElo "2185"]
[BlackElo "2410"]

1.d4 Nf6 2.c4 Nc6 3.Nf3 e6 4.g3 Bb4+ 5.Bd2 Qe7 6.Bg2 Bxd2+ 7.Nbxd2 d6 8.O-O a5
9.Rc1 e5 10.d5 Nb8 11.c5 O-O 12.cxd6 cxd6 13.Nc4 Nbd7 14.Nh4 Nc5 15.Nb6 Ra6
16.Nxc8 Rxc8 17.Nf5 Qf8 18.Qd2 h6 19.f4 e4 20.Qd4 Kh7 21.Rc3 Raa8 22.g4 Nxg4
23.Rg3 g6 24.Nh4 f5 25.h3 Qf6 26.Qxf6 Nxf6 27.Rxg6 Rf8 28.Rd1 Ra6 29.Kf2 Rb6
30.b3 a4 31.bxa4 Rb2 32.Rg1 Nd3+ 33.Ke3 Nxd5+ 34.Kd4 N3xf4 35.Rxd6 Nxe2+
36.Kxd5 Nxg1 37.Ke6 Rg8 38.Kf6 Rbxg2 39.Nxg2 Rg6+ 40.Ke5 Rxg2  0-1

[Event "ROM-chT"]
[Site "Timisu de Sus"]
[Date "1998.??.??"]
[Round "5"]
[White "Timoshenko, Georgy"]
[Black "Bologan, Viktor"]
[Result "1/2-1/2"]
[WhiteElo "2595"]
[BlackElo "2585"]

1.d4 Nf6 2.c4 Nc6 3.Nf3 e6 4.d5 exd5 5.cxd5 Bb4+ 6.Nc3 Ne7 7.e4 O-O 8.Bd3 Ng6
9.O-O Re8 10.Re1 c6 11.Qb3 Bd6 12.h3 b5 13.a3 Bb7 14.Be3 a6 15.Rad1 Qc7 16.Bg5 Bf4
17.Bxf6 gxf6 18.a4 Rab8 19.axb5 axb5 20.Bf1 Ba8 21.Nd4 b4 22.Na4 cxd5 23.exd5 Re5
24.Rxe5 fxe5 25.Nf5 d6 26.Qd3 Bb7 27.g3 Bg5 28.h4 Bf6 29.b3 Bc8 30.Qe4 Bxf5
31.Qxf5 Bg7 32.Bd3 h6 33.Bf1 Ne7 34.Qb1 f5 35.Nb2 e4 36.Nc4 Qc5 37.Qc1 Rf8
38.Qf4 Nxd5 39.Qd2 Nc3 40.Qxd6 Qxd6 41.Rxd6 f4 42.gxf4 Rxf4 43.Ne3 Rxh4 44.Bc4+  1/2-1/2

[Event "Wattens op 13th"]
[Site "Wattens"]
[Date "1998.??.??"]
[Round "2"]
[White "Steinmueller, Guenther"]
[Black "Berezjuk, Sergej"]
[Result "0-1"]
[WhiteElo "1985"]
[BlackElo "2410"]

1.d4 Nf6 2.c4 Nc6 3.Nf3 e6 4.Nc3 Bb4 5.Bg5 h6 6.Bh4 g5 7.Bg3 Ne4 8.Qc2 d5
9.e3 h5 10.Ne5 h4 11.Nxc6 bxc6 12.Be5 f6 13.f3 Nxc3 14.bxc3 Be7 15.cxd5 exd5
16.Qg6+ Kf8 17.f4 fxe5 18.Qxc6 Rb8 19.fxe5 Qd7 20.Qg6 Qf5 21.Qxf5+ Bxf5 22.Be2 Kg7
23.O-O Rhf8 24.Bf3 c6 25.Bd1 Rb2 26.Re1 Be4 27.Re2 Bd3  0-1

[Event "POL-chT2"]
[Site "Wisla"]
[Date "1998.??.??"]
[Round "?"]
[White "Stohl, Igor"]
[Black "Stefanek, Piotr"]
[Result "1-0"]
[WhiteElo "2540"]
[BlackElo "2215"]

1.d4 Nf6 2.c4 Nc6 3.Nf3 e6 4.a3 d6 5.Nc3 g6 6.e4 Bg7 7.Be2 O-O 8.O-O e5 9.d5 Ne7
10.b4 Nd7 11.Nd2 f5 12.a4 Nf6 13.c5 Bh6 14.exf5 gxf5 15.Nc4 Bxc1 16.Rxc1 Kh8
17.f4 Ng6 18.fxe5 dxe5 19.Qd2 Rg8 20.Rce1 e4 21.Qd4 Rg7 22.Kh1 h5 23.g3 Kh7
24.Ne3 f4 25.gxf4 Bh3 26.Rg1 Qe7 27.d6 Rd8 28.Ncd5  1-0

[Event "Hoogovens 5'"]
[Site "Wijk aan Zee"]
[Date "1999.01.18"]
[Round "1"]
[White "Sokolov, Ivan"]
[Black "Yermolinsky, Alex"]
[Result "1/2-1/2"]
[WhiteElo "2610"]
[BlackElo "2597"]

1.d4 Nf6 2.c4 Nc6 3.Nf3 e6 4.Nc3 Bb4 5.Qc2 d6 6.Bd2 O-O 7.a3 Bxc3 8.Bxc3 Qe7
9.e3 e5 10.Be2 Bg4 11.O-O e4 12.Ne1 Bxe2 13.Qxe2 a6 14.Nc2 d5 15.Nb4 Qe6
16.b3 Ne7 17.a4 c6 18.Na2 Ng6 19.Bd2 Rfe8 20.Nc3 h5 21.a5 Nh4 22.Rac1 Qf5
23.Kh1 Re7 24.cxd5 Nxd5 25.Nxd5 cxd5 26.f4 Qg4 27.Qxg4 hxg4  1/2-1/2

[Event "BL2-O9899"]
[Site "Germany"]
[Date "1999.01.31"]
[Round "5.7"]
[White "Rupp, Markus"]
[Black "Kuraszkiewicz, Michael"]
[Result "0-1"]
[WhiteElo "2235"]
[BlackElo "2330"]

1.d4 Nf6 2.c4 Nc6 3.Nf3 e6 4.Nc3 Bb4 5.e3 O-O 6.Bd2 d6 7.a3 Bxc3 8.Bxc3 Ne4
9.Qc2 Nxc3 10.Qxc3 a5 11.Be2 a4 12.O-O Qe7 13.d5 Nb8 14.dxe6 fxe6 15.c5 dxc5
16.Rac1 b6 17.Ne5 Bb7 18.f4 Nd7 19.Nxd7 Qxd7 20.Rfd1 Qf7 21.Qe5 Rad8 22.g3 Rd5
23.Rxd5 Bxd5 24.e4 Bb3 25.Bc4 Bxc4 26.Rxc4 Qd7 27.Rc3 Rd8 28.Kg2 Qd6 29.Qxd6 cxd6
30.b3 d5 31.bxa4 d4 32.Rc1 d3 33.Kf2 d2 34.Rd1 c4  0-1

[Event "Cappelle op"]
[Site "Cappelle la Grande"]
[Date "1999.02.19"]
[Round "7"]
[White "Gretarsson, Helgi Ass"]
[Black "Poluljahov, Aleksandr"]
[Result "1/2-1/2"]
[WhiteElo "2459"]
[BlackElo "2566"]

1.d4 Nf6 2.c4 Nc6 3.Nf3 e6 4.a3 d6 5.Nc3 g6 6.e4 Bg7 7.d5 Nb8 8.Bd3 O-O 9.O-O Re8
10.Rb1 c6 11.h3 cxd5 12.cxd5 exd5 13.exd5 Nbd7 14.Bg5 h6 15.Be3 Nc5 16.Bc2 Nfe4
17.Nxe4 Nxe4 18.Re1 Bf5 19.Nd4 Bd7 20.Bxh6 Qh4 21.Be3 Nxf2 22.Bxf2 Rxe1+
23.Qxe1 Bxd4 24.Bxd4 Qxd4+ 25.Qf2 Qxd5 26.Rd1 Qe5 27.Bb3 Rf8 28.Re1 Qb5 29.Re7 Qxb3
30.Rxd7 d5 31.Qd4 Re8 32.Rxd5 Qc2 33.Rd8 Qc1+ 34.Kf2 Qe1+ 35.Kf3 Qe2+ 36.Kg3 Rxd8
37.Qxd8+ Kh7 38.Qd4  1/2-1/2

[Event "Zuglo Hotel op"]
[Site "Budapest"]
[Date "1999.02.23"]
[Round "5"]
[White "Zimmerman, Yuri"]
[Black "Miroshnichenko, Evgeny"]
[Result "0-1"]
[WhiteElo "2374"]
[BlackElo "2500"]

1.d4 Nf6 2.c4 Nc6 3.Nf3 d6 4.Nc3 e5 5.dxe5 Nxe5 6.Nxe5 dxe5 7.Qxd8+ Kxd8
8.Bg5 c6 9.Ne4 Bb4+ 10.Bd2 Bxd2+ 11.Nxd2 Ke7 12.e3 Rd8 13.Be2 Bf5 14.Nf3 Nd7
15.O-O-O f6 16.Nh4 Be6 17.f4 a5 18.Nf3 Bg4 19.h3 Bh5 20.g4 Bg6 21.Nh4 Be4
22.Rhf1 exf4 23.exf4 Nc5 24.Nf3 Bd3 25.Rd2 Bxe2 26.Rxe2+ Kf7 27.f5 Rd3 28.Rd2 Re8
29.Rxd3 Nxd3+ 30.Kc2 Nf4 31.h4 Ng2 32.Kd3 Re3+ 33.Kd4 Re2 34.Kc3 Re4 35.Nd4 Rxg4
36.Ne6 Ne3 37.Re1 Nxf5 38.Nd8+ Kg6 39.Nxb7 Rg3+ 40.Kd2 Nxh4 41.Rh1 Nf3+ 42.Kc1 a4
43.Nc5 a3 44.bxa3 Ne5 45.Ne4 Rg4 46.Nc3 Nxc4 47.a4 h5 48.Kc2 h4 49.Kd3 Nb2+
50.Ke3 Nxa4 51.Ne4 f5 52.Nf2 Rg3+ 53.Kf4 Kf6 54.Rxh4 Rc3 55.Nh3 Nb6  0-1